|
|
|
|
| LEADER |
00000ncm a2200000 a 4500 |
| 001 |
vtls008184060 |
| 003 |
SK-MaSNL |
| 005 |
20260302074044.0 |
| 007 |
qu |
| 008 |
050713s1995 xo zzzef abdi slo |
| 020 |
|
|
|a 8096747339 (brož.)
|
| 028 |
0 |
1 |
|a T-9501
|b Terminal
|
| 040 |
|
|
|a SNK
|b slo
|c SNK
|e AACR2
|
| 048 |
|
|
|a ka01
|a tz
|
| 072 |
|
7 |
|a 786/789
|x Hudba pre jednotlivé nástroje
|2 konspekt
|
| 080 |
|
|
|a 786.2.02
|2 MDT-MRF
|
| 080 |
|
|
|a 787.61.02
|2 MDT-MRF
|
| 084 |
|
|
|a 1.2.2
|2 snlmc
|
| 245 |
0 |
0 |
|a Akordy pre všetkých
|h hudobnina
|b klavír a gitara
|
| 250 |
|
|
|a 2. vyd.
|
| 260 |
|
|
|a Košice
|b Terminal
|c 1995
|
| 300 |
|
|
|a 100 s.
|c 10 x 15 cm
|
| 650 |
0 |
7 |
|a hra na klavíri
|2 SNKPH
|9 16125
|
| 650 |
0 |
7 |
|a hra na gitare
|2 SNKPH
|9 16990
|
| 650 |
0 |
7 |
|a akordy
|2 SNKPH
|9 73464
|
| 919 |
|
|
|a 80-967473-3-9
|
| 999 |
|
|
|c 1163472
|d 1165402
|
| 952 |
|
|
|a SNK
|b SNK
|y PREZ
|7 0
|p 17A0479404
|o snkHSE 154
|i snk2005/12109
|8 1
|0 0
|1 0
|4 0
|d 2005-07-13
|l 0
|r 2026-02-24 20:40:30
|w 2026-02-24
|
| 952 |
|
|
|a SNK
|b SNK
|y VYP
|7 0
|p 17A0479379
|o snkHSE 154 D1
|i snk2005/12111
|8 1
|0 0
|1 0
|4 0
|d 2005-07-13
|l 0
|r 2026-02-24 20:40:30
|w 2026-02-24
|